01565nam a2200277 a 4500001001000000005001700010041000800027044000700035084002000042100004500062245015700107260003400264300002200298500017900320500038700499500001000886546002400896650005200920650005600972650003401028650004501062700004401107700004401151700004201195740005001237BRCA_343920190320204301.0 aita ait a728b.U25c18411 aCervantes Saavedra, Miguel ded1547-161610aL´Ingegnoso Idalgo Don Chisciotte della Manciacdi Michele Cervantes di Saavedra ; Tradotto da Bartolomeo Gamba ed ora riveduto da Francesco Ambrosoli. aMilánbAndrea Ubicinic1841 a2 v.bil.c26 cm. aContenido : v.1. Primera parte. Prefacio de F. Ambrosoli, basado en parte en la vida de Cervantes por Viardot. Prólogo del autor. -- v.2. Segunda parte. Prólogo del autor aTraducción de B. Gamba, revisada por F. Ambrosoli. Éste dice en el prefacio que muchas de las correcciones que introduce, así como la nota que publica acerca de la vida y obra de Cervantes, están tomadas de la versión francesa de Viardot. Las láminas y los dibujos son los de Johannot. Impresión y papel muy buenos. Tela; lomeras adornadas con dorados Lúdovik Osterc aQM546 aTexto en : italiano14aNovela españolayÉpoca clásica, 1500-170014aLiteratura españolayÉpoca clásica, 1500-170014aNovela españolaySiglo XVII14aDon Quijote (Personaje ficticio)eNovela1 aGamba, Bartolomeod1766-1841eTraductor1 aAmbrosoli, Francescod1797-1868eEditor1 aJohannot, Tonyd1803-1852eIlustrador0 aEl Ingenioso Hidalgo Don Quijote de la Mancha